000 00567nam a2200181 i 4500
001 92538
003 ES-MaACL
005 20230906181008.0
007 t|
008 050310s1923 sp ||||1| spa d
100 1 _aLipps, Theodor.
_972509
245 1 4 _aLos fundamentos de la estética /
_cTheodor Lipps ; traducción y prólogo de Eduardo Ovejero y Maury.
260 _aMadrid :
_b[Luis Faure],
_c1923.
300 _aXVI, 592 p. ;
_c23 cm.
700 1 _aOvejero y Maury, Eduardo,
_d1871-1939?
_988002
852 _aES-MaACL
_jF-4852
999 _c92538
_d92538